Statystyki dla Strzelcy bramek w 18 kolejce Bundesligi w sezonie 2020/21.

Kliknij tutaj aby rozwiązać quiz!

Ogólne statystyki

  • Ten quiz został rozwiązany 7 razy
  • Średni wynik to 10 z 36

Statystyki odpowiedzi

MeczPiłkarz% Poprawnych
Schalke - Bayern 0:2Lewandowski
100%
Schalke - Bayern 0:1Muller
86%
Schalke - Bayern 0:3Muller
86%
Monchengladbach - Dortmund 1:2Haaland
71%
Monchengladbach - Dortmund 1:1Haaland
71%
Monchengladbach - Dortmund 4:2Thuram
71%
Bielefeld - Frankfurt 1:5Jovic
57%
Bielefeld - Frankfurt 0:1Silva
57%
Bielefeld - Frankfurt 0:3Silva
57%
Schalke - Bayern 0:4Alaba
43%
Mainz - RB Lipsk 0:1Adams
29%
Monchengladbach - Dortmund 3:2Bensebaini
29%
Hertha - Werder Brema 1:2Cordoba
29%
Monchengladbach - Dortmund 2:2Elvedi
29%
Monchengladbach - Dortmund 1:0Elvedi
29%
Mainz - RB Lipsk 1:2Halstenberg
29%
Mainz - RB Lipsk 3:2Barreiro
14%
Hoffenheim - Koln 1:0Kramaric
14%
Hoffenheim - Koln 3:0Kramaric
14%
Mainz - RB Lipsk 1:1Niakhate
14%
Mainz - RB Lipsk 2:2Niakhate
14%
Hertha - Werder Brema 1:4Sargent
14%
Hertha - Werder Brema 0:1Selke
14%
Hertha - Werder Brema 0:2Toprak
14%
Freiburg - Stuttgart 0:1Wamangituka
14%
Leverkusen - Wolfsburg 0:1Baku
0%
Hoffenheim - Koln 2:0Baumgartner
0%
Hertha - Werder Brema 1:3Bittencourt
0%
Bielefeld - Frankfurt 1:3Cordova
0%
Freiburg - Stuttgart 1:1Demirovic
0%
Augsburg - Union Berlin 1:1Ingvartsen
0%
Freiburg - Stuttgart 2:1Jeong Woo-Yeong
0%
Bielefeld - Frankfurt 0:2Kostic
0%
Augsburg - Union Berlin 2:1Niederlechner
0%
Augsburg - Union Berlin 1:0Niederlechner
0%
Bielefeld - Frankfurt 1:4 (bramka samobójcza)Nilsson
0%

Rozkład punktacji

Percentyl według liczby udzielonych odpowiedzi

Procent ludzi z każdym wynikiem

Twoja historia wyników

Nie rozwiązałeś tego quizu